00682nam a22002297a 4500003001100000005001700011008004100028020001500069040003900084041000800123082001600131100002100147245003200168260003900200300004300239650002000282700001600302700002100318942000700339952009100346999001500437LK-CoMWRAF20231115124930.0231014b1983 |||||||| |||| 00| 0 eng d a0673153630 aLK-CoMWRAFdLK-CoMWRAFeLK-CoMWRAF aeng a808.51bPAT aPatton, Bobby R. aResponsible public speaking aGlenview: bScott Foresman, c1983 a246 p. : ill. ; 24 cm.bIndex included aPUBLIC SPEAKING aGiffin, Kim aLinkugel, Wil A. cBK 00104070aMAINbMAINd2023-10-14l0o808.51 PATpRAF1748r2023-10-14w2023-10-14yBK c3853d3853